000 00373nam a2200157Ia 4500
003 0STCL
008 150530s9999 xx 000 0 und d
040 _aSTCL
_cSTCL
100 _aFarber; Wilson; Roger, H.L.
245 _aFood and civilization
260 _bVoice of America
_c1966
546 _aEnglish
942 _2ddc
_cBK
999 _c68585
_d68585
005 20220125171403.0